000 00797nam a2200217 i 4500
001 155985
003 ES-MaACL
005 20230906210259.0
008 190201s1960 ag |||| | spa d
100 0 _aDurant, Will.
_946272
245 1 3 _aLa edad de la fe
_b: historia de la civilización medieval (cristiana, islámica y judaica) desde Constantino a Dante (325-1300) /
_cWill Durant ; traducción de C. A. Jordana.
250 _a[2ª ed.].
260 _aBuenos Aires :
_bEditorial Sudamericana,
_c1960.
300 _a3 v. :
_bil. ;
_c24 cm.
490 1 _aHistoria de la civilización
650 4 _aCivilización medieval.
_9146249
700 0 _aJordana, César-August.
_966928
830 0 _aHistoria de la civilización
_9187819
852 _aES-MaACL
_jP-418-8-10
999 _c155985
_d155985